Sir Robert Peel : the life and legacy /

Bibliographic Details
Main Author: Gaunt, Richard A.
Format: Book
Language:English
Published: London ; New York : I.B. Tauris ; 2010.
Series:Library of Victorian studies ; 2.
Subjects:

MARC

Tag First Indicator Second Indicator Subfields
LEADER 00000cam a2200000 a 4500
001 in00002656721
005 20151202092008.0
008 091111s2010 enka b 001 0beng
015 |a GBA9B1916  |2 bnb 
015 |a GBA9B1916  |2 dnb 
016 7 |a 015422233  |2 Uk 
020 |a 9781848850354 (hbk.) 
020 |a 1848850352 (hbk.) 
029 1 |a NZ1  |b 13295389 
029 1 |a DEBBG  |b BV036061309 
029 1 |a UNITY  |b 120927446 
029 1 |a UKKCC  |b 1848850352 
029 1 |a UKLBS  |b 1848850352 
029 1 |a UKLON  |b 1848850352 
029 1 |a UKNWP  |b 1848850352 
029 1 |a AU@  |b 000045959617 
029 1 |a UKBRD  |b 1848850352 
035 |a (OCoLC)ocn424559902 
035 |a (OCoLC)424559902 
040 |a UKM  |c UKM  |d BTCTA  |d DEBBG  |d YDXCP  |d OUN  |d C#P  |d CDX  |d BWX  |d UtOrBLW 
049 |a TXAM 
050 4 |a DA536.P3  |b G38 2010 
082 0 4 |a 941.081092  |2 22 
100 1 |a Gaunt, Richard A. 
245 1 0 |a Sir Robert Peel :  |b the life and legacy /  |c Richard A. Gaunt. 
264 1 |a London ;  |a New York :  |b I.B. Tauris ;  |c 2010. 
264 2 |a New York :  |b Distributed in the U.S. and Canada exclusively by Palgrave Macmillan, 
300 |a xii, 227 pages :  |b illustrations ;  |c 25 cm. 
336 |a text  |b txt  |2 rdacontent 
337 |a unmediated  |b n  |2 rdamedia 
338 |a volume  |b nc  |2 rdacarrier 
490 1 |a Library of Victorian studies ;  |v 2 
504 |a Includes bibliographical references (pages [203]-218) and index. 
600 1 0 |a Peel, Robert,  |d 1788-1850. 
650 0 |a Prime ministers  |z Great Britain  |v Biography. 
650 0 |a Statesmen  |z Great Britain  |v Biography. 
650 0 |a Conservatives  |z Great Britain  |v Biography. 
651 0 |a Great Britain  |x Politics and government  |y 1830-1837. 
651 0 |a Great Britain  |x Politics and government  |y 1837-1901. 
830 0 |a Library of Victorian studies ;  |v 2. 
938 |a Baker and Taylor  |b BTCP  |n BK0008472542 
938 |a YBP Library Services  |b YANK  |n 100524508 
938 |a Coutts Information Services  |b COUT  |n 9737714 
938 |a Blackwell Book Service  |b BBUS  |n R4864350  |c $75.00 
945 |a PromptCat  |b 87947 
946 |a stk 
947 |a A14839739340 
994 |a 92  |b TXA 
948 |a Cataloged  |b h  |c 2010/10/1  |d c  |e ibarton 
999 |a MARS 
999 f f |s 0fe7656a-ab4f-3c5b-a2e1-7d622a35cefc  |i 5a01dcb2-3938-3579-87d4-daf122c9af08  |t 0 
952 f f |p normal  |a Texas A&M University  |b College Station  |c Sterling C. Evans Library  |d Evans: Library Stacks  |t 0  |e DA536.P3 G38 2010  |h Library of Congress classification  |i unmediated -- volume  |m A14839739340 
998 f f |a DA536.P3 G38 2010  |t 0  |l Evans: Library Stacks